Helldivers II Stratagems - Statistics

General Stats
  • This quiz has been taken 52 times
  • The average score is 45 of 90
Answer Stats
Hint Answer % Correct
Patriotic Administration Center - Support Weapon MG-43 Machine Gun
91%
Orbital Cannons - Orbital Orbital 380MM HE Barrage
91%
Hangar - Eagle Eagle 500KG Bomb
88%
Orbital Cannons - Orbital Orbital 120MM HE Barrage
85%
Patriotic Administration Center - Support Weapon M-105 Stalwart
79%
Patriotic Administration Center - Support Weapon FLAM-40 Flamethrower
76%
Patriotic Administration Center - Support Weapon RS-422 Railgun
76%
Patriotic Administration Center - Support Weapon / Backpack AC-8 Autocannon
73%
Hangar - Eagle Eagle Napalm Airstrike
73%
Robotics Workshop - Backpack AX/AR-23 "Guard Dog"
70%
Hangar - Eagle Eagle Strafing Run
70%
Patriotic Administration Center - Support Weapon / Backpack GR-8 Recoilless Rifle
70%
Orbital Cannons - Orbital Orbital Napalm Barrage
70%
Hangar - Eagle Eagle Airstrike
67%
Patriotic Administration Center - Support Weapon EAT-17 Expendable Anti-Tank
67%
Patriotic Administration Center - Support Weapon/ Backpack FAF-14 Spear
67%
Mission - Objective Hellbomb
67%
Patriotic Administration Center - Support Weapon MG-206 Heavy Machine Gun
67%
Bridge - Orbital Orbital Precision Strike
67%
Hangar - Eagle Eagle Smoke Strike
64%
Robotics Workshop - Vehicle EXO-45 Patriot Exosuit
64%
Engineering Bay - Support Weapon GL-21 Grenade Launcher
64%
Bridge - Orbital Orbital Smoke Strike
64%
Engineering Bay - Backpack SH-32 Shield Generator Pack
64%
Robotics Workshop - Defensive A/MG-43 Machine Gun Sentry
61%
Engineering Bay - Backpack B-1 Supply Pack
61%
Hangar - Eagle Eagle 110MM Rocket Pods
61%
Hangar - Eagle Eagle Cluster Bomb
61%
Robotics Workshop - Vehicle EXO-49 Emancipator Exosuit
61%
Bridge - Defensive FX-12 Shield Generator Relay
61%
Robotics Workshop - Defensive A/G-16 Gatling Sentry
58%
Robotics Workshop - Defensive A/MLS-4X Rocket Sentry
58%
Orbital Cannons - Orbital Orbital Walking Barrage
58%
Engineering Bay - Support Weapon LAS-99 Quasar Cannon
58%
Hangar - Backpack LIFT-850 Jump Pack
58%
Bridge - Orbital Orbital Gas Strike
58%
Robotics Workshop - Defensive A/M-12 Mortar Sentry
55%
Warbond - Defensive E/AT-12 Anti-Tank Emplacement
55%
Warbond - Backpack LIFT-860 Hover Pack
55%
Orbital Cannons - Orbital Orbital Gatling Barrage
55%
Robotics Workshop - Defensive A/AC-8 Autocannon Sentry
52%
Warbond - Backpack B-100 Portable Hellbomb
52%
Engineering Bay - Defensive MD-6 Anti-Personnel Minefield
52%
Warbond - Defensive A/FLAM-40 Flame Sentry
48%
Patriotic Administration Center - Support Weapon APW-1 Anti-Materiel Rifle
48%
Bridge - Defensive E/MG-101 HMG Emplacement
48%
Engineering Bay - Support Weapon LAS-98 Laser Cannon
48%
Engineering Bay - Defensive MD-17 Anti-Tank Mines
48%
Bridge - Orbital Orbital EMS Strike
48%
Orbital Cannons - Orbital Orbital Laser
48%
Mission - Common SoS Beacon
48%
Patriotic Administration Center - Support Weapon/ Backpack StA-X3 W.A.S.P. Launcher
48%
Warbond - Defensive A/LAS-98 Laser Sentry
45%
Warbond - Backpack Lift-182 Warp Pack
45%
Warbond - Support Weapon MS-11 Solo Silo
45%
Orbital Cannons - Orbital Orbital Railcannon Strike
45%
Patriotic Administration Center - Support Weapon / Backpack RL-77 Airburst Rocket Launcher
45%
Engineering Bay - Backpack SH-20 Ballistic Shield Backpack
45%
Mission - Objective SSSD Delivery
45%
Engineering Bay - Support Weapon ARC-3 Arc Thrower
42%
Engineering Bay - Backpack AX/LAS-5 "Guard Dog" Rover
42%
Warbond - Support Weapon EAT-700 Expendable Napalm
42%
Hangar - Vehicle M-102 Fast Recon Vehicle
42%
Engineering Bay - Defensive MD-8 Gas Mines
42%
Patriotic Administration Center - Support Weapon MLS-4X Commando
42%
Warbond - Support Weapon PLAS-45 Epoch
42%
Mission - Common Reinforce
42%
Mission - Common Resupply
42%
Warbond - Support Weapon S-11 Speargun
42%
Warbond - Support Weapon CQC-1 One True Flag
39%
Bridge - Defensive A/ARC-3 Tesla Tower
36%
Orbital Cannons - Orbital Orbital Airburst Strike
36%
Robotics Workshop - Defensive A/M-23 EMS Mortar Sentry
33%
Warbond - Backpack AX/ARC-3 "Guard Dog" K-9
33%
Engineering Bay - Defensive MD-I4 Incendiary Mines
33%
Bridge - Defensive E/GL-21 Grenadier Battlement
30%
Warbond - Backpack SH-51 Directional Shield
30%
Warbond - Support Weapon TX-41 Sterilizer
30%
Mission - Objective SEAF Artillery
27%
Mission - Objective Prospecting Drill
24%
Mission - Objective Super Earth Flag
24%
Warbond - Support Weapon GL-52 De-Escalator
21%
Warbond - Backpack AX/TX-13 "Guard Dog" Dog Breath
18%
Mission - Objective Hive Breaker Drill
18%
Mission - Common Eagle Rearm
15%
Stratagem Hero - Removed Orbital Illumination Flare
15%
Mission - Event Objective Tectonic Drill
12%
Mission - Event Objective Dark Fluid Vessel
9%
Mission - Objective Seismic Probe
9%
Mission - Objective Upload Data
9%
No matching quizzes found
Score Distribution
Percent of People with Each Score
Percentile by Number Answered
Your Score History
You have not taken this quiz